| 000 | 00388nam a2200157Ia 4500 | ||
|---|---|---|---|
| 008 | 230312s9999||||xx |||||||||||||| ||und|| | ||
| 020 | _a81-265-0867-1 | ||
| 082 |
_a658.4 _bSCH-O |
||
| 100 | _aSchermerhorn;John.R | ||
| 245 | 0 | _aOrganizational Behavior | |
| 260 |
_bWiley _aIndia _c2006 |
||
| 300 | _a466 | ||
| 546 | _aEng. | ||
| 650 |
_aManagement _vOrganizational Behavior |
||
| 942 | _cBK | ||
| 999 |
_c7197 _d7197 |
||